SOCIAL NETWORKING SPACES FROM FACEBOOK T (Record no. 15936)

MARC details
000 -LEADER
fixed length control field 00336nam a2200133Ia 4500
008 - FIXED-LENGTH DATA ELEMENTS--GENERAL INFORMATION
fixed length control field 240624s9999 xx 000 0 und d
041 ## - LANGUAGE CODE
Language code of text/sound track or separate title eng
082 ## - DEWEY DECIMAL CLASSIFICATION NUMBER
Classification number 004.6922 KEL
100 ## - MAIN ENTRY--PERSONAL NAME
Personal name KELSEY TODD
245 ## - TITLE STATEMENT
Title SOCIAL NETWORKING SPACES FROM FACEBOOK T
260 ## - PUBLICATION, DISTRIBUTION, ETC.
Date of publication, distribution, etc. 2010
Place of publication, distribution, etc. New York
Name of publisher, distributor, etc. Apress
300 ## - PHYSICAL DESCRIPTION
Extent 509 : p. : cm. ; 24
365 ## - TRADE PRICE
Currency code RS
Holdings
Withdrawn status Lost status Damaged status Not for loan Home library Current library Shelving location Date acquired Source of acquisition Cost, normal purchase price Total Holds Full call number Barcode Date last seen Copy number Price effective from Koha item type
        IMTN IMTN Rack 2-A 11/22/2010 FK 1050.00 32767 004.6922 KEL 15936 06/24/2024 1 06/24/2024 Books
Designed & Maintained by: LRC IMT Nagpur Contact: lrc@imtnag.ac.in© 2024. All Rights Reserved.